| 000 | 01265cam a22002054a 4500 | ||
|---|---|---|---|
| 005 | 20250605164054.0 | ||
| 008 | 250528s ||||||||||||||||||||||||d | ||
| 035 | _a17391 | ||
| 020 | _a256059136 | ||
| 040 |
_aGR-AtMCL _bgre _dGR-AtMCL _eAACR2 |
||
| 245 | 1 | _aMicroeconomics / Analysis and Policy | |
| 250 | _a6th | ||
| 260 |
_bIrwin Mcgraw-Hill, _c1988 |
||
| 300 | _a492 | ||
| 520 | _aIntroduction, What Economics is about, The Microeconomy: Markets and Prices, Product Pricing and Resource Allocation, Consumer Choice and Demand, Production and Costs and Supply, Pricing under Pure Competition, Pricing Under Monopoly and Oligopoly and Monopolistic Competition, Evaluating Market Structures, Market Structure and Public Policy, Factor Pricing and Income Distribution, Factor Prices: Wages and Interest and Profit, Labor Markets: Discrimination and Market Power, Income Distribution and Public Policy, The Public Economy, Financing the Public Sector, Quasi-Public Goods: Education and Health Care, Externalities and Common Resources and the Environment, Planned Economies and Market Economies, Plan and Market: A Comparison of Systems, Glossary of Concepts, Index. | ||
| 700 | 1 |
_aReynolds G. Lioyd _93548 |
|
| 942 | _cBK | ||
| 999 |
_c2814 _d2814 |
||